000
00309nam a2200133Ia 4500
100
_a
Dorn/ William.S
942
_c
BK
654
_a
Fortran
245
_a
Numerical Methods With Fortran IV Case Studies
260
_b
John Wiley & Sons
_a
NEWYORK
_c
1972
082
_a
519.4
300
_a
447
546
_a
ENGLISH
999
_c
19210
_d
19210